Le Tchad pour les touristes... - Facile - Statistiques

Statistiques générales
  • Ce quiz a été pris 9 fois
  • Le résultat moyen est 10 sur 20
Statistiques - réponses
Question Indice Réponses % Correct
Quelles sont les langues officielles ? Arabe A
100%
Quelles sont les langues officielles ? Français F
100%
Quel est le régime du pays ? République R
88%
Ce pays est plus grand que la France (oui/non) Oui
75%
Dans la capitale quel est le décalage horaire avec Paris ? (+ ou - et chiffre) ex - 10 - 1
63%
Quels est le climat local ? D Désertique
63%
Quel pays a accordé son indépendance à celui-ci ? France
63%
La religion majoritaire est Islam I
63%
Le principal aéroport est N Ndjamena
63%
Code sur les plaques minéralogiques TCH
63%
Achats à faire 4/ Fruits secs Dattes SADETT
50%
Quelle est la monnaie ? Franc CFA F
50%
Le suffixe internet est td
50%
Quelles sont les principaux lieux touristiques ? T Lac {Tchad} DTACH
38%
Achats à faire 5/ Protection de la tête Turban BANURT
38%
Achats à faire 3/ Cosmétique Chébé BECHE
25%
Achats à faire 1/ Parfum Doukhane EUNADKOH
13%
Achats à faire 2/ Tissu local Goddon DOGDON
13%
Quelles sont les principaux lieux touristiques ? A Guelta d'{Archei} AHCERI
13%
Quelles sont les principaux lieux touristiques ? Z Parc national {Zakouma} UKOAZAM
13%
Aucun quiz correspondant
Distribution des résultats
% des personnes avec chaque résultat
Percentile par nombre de réponses
Votre historique - résultats
Vous n’avez pas pris ce quiz